|
|
|
|
| LEADER |
00000nam0a2200000 4500 |
| 001 |
179502 |
| 005 |
20231031170345.0 |
| 010 |
|
|
|a 9785170624638
|
| 010 |
|
|
|a 978-5-271-25794-0
|
| 035 |
|
|
|a (RuTPU)RU\TPU\book\194595
|
| 090 |
|
|
|a 179502
|
| 100 |
|
|
|a 20100422d2010 m y0rusy50 ca
|
| 101 |
1 |
|
|a rus
|c eng
|
| 102 |
|
|
|a RU
|
| 105 |
|
|
|a y z 000ay
|
| 200 |
1 |
|
|a Голодные игры
|e пер. с англ.
|f С. Коллинз
|
| 210 |
|
|
|a Москва
|c АСТ
|c Астрель
|d 2010
|
| 215 |
|
|
|a 382 с.
|
| 330 |
|
|
|a Книга-сенсация, возглавившая 21 список бестселлеров и удостоенная множества литературных наград! Эти парень и девушка знакомы с детства и еще могут полюбить друг друга, но им придется стать врагами... По жребию они должны участвовать в страшных «Голодных играх», где выживает только один — сильнейший. Пока в жестоком квесте остаются хотя бы какие-то участники, Китнисс и Пит могут защищать друг друга и сражаться вместе. Но рано или поздно кому-то из них придется пожертвовать жизнью ради любимого... Таков закон «Голодных игр». Закон, который не нарушался еще никогда!
|
| 610 |
1 |
|
|a американская литература
|
| 610 |
1 |
|
|a романы
|
| 610 |
1 |
|
|a приключения
|
| 610 |
1 |
|
|a любовь
|
| 610 |
1 |
|
|a любовные романы
|
| 675 |
|
|
|a 82
|v 3
|
| 700 |
|
1 |
|a Коллинз
|b С.
|g Сьюзен
|
| 801 |
|
1 |
|a RU
|b 63413507
|c 20100422
|
| 801 |
|
2 |
|a RU
|b 63413507
|c 20171027
|g RCR
|
| 942 |
|
|
|c BK
|